| 000 | 02410nam a2200505 i 4500 | ||
|---|---|---|---|
| 001 | 38387 | ||
| 003 | ES-MaACL | ||
| 005 | 20250513063018.0 | ||
| 007 | t| | ||
| 008 | 030225m1881 sp 1887 |||| | spa d | ||
| 100 | 1 |
_aCalderón de la Barca, Pedro, _d1600-1681 _eaut _9239594 |
|
| 245 | 1 | 0 |
_aTeatro selecto / _cde Calderón de la Barca ; precedido de un estudio crítico de Marcelino Menéndez Pelayo. |
| 260 |
_aMadrid : _bLuis Navarro, _c1881-1887. |
||
| 300 |
_a4 v. ; _c18 cm. |
||
| 490 | 1 |
_aBiblioteca clásica ; _v36-39 |
|
| 505 | 8 | _aContiene: I: Dramas religiosos y filosóficos: La vida es sueño. La devoción de la Cruz. El mágico prodigioso. El principe constante - II: Dramas trágicos: El médico de su honra. A secreto agravio secreta venganza. El alcalde de Zalamea. El mayo monstruo los celos. Amar después de la muerte - III: Comedias de capa y espada: Casa con dos puertas mala es de guardar. La dama duende. No hay burlas con el amor. Mañanas de abril y mayo - IV: Comedias: No siempre lo peor es cierto. Guárdate del agua mansa. Zarzuelas: El laurel de Apolo. La púrpura de la rosa. Autos sacramentales: La cena de Baltasar. La vida es sueño. A Dios por razón de estado | |
| 530 | _aDisponible en formato digital. | ||
| 650 | 1 | 4 |
_a _9239527 |
| 700 | 1 |
_aMenéndez y Pelayo, Marcelino, _d1856-1912 _980332 |
|
| 740 | 3 | 2 | _aLa vida es sueño. |
| 740 | 3 | 2 | _aLa devoción de la cruz. |
| 740 | 3 | 2 | _aEl mágico prodigioso. |
| 740 | 3 | 2 | _aEl príncipe constante. |
| 740 | 3 | 2 | _aEl médico de su honra. |
| 740 | 0 | 2 | _aA secreto agravio secreta venganza. |
| 740 | 3 | 2 | _aEl alcalde de Zalamea. |
| 740 | 3 | 2 | _aEl mayor monstruo los celos. |
| 740 | 0 | 2 | _aAmar después de la muerte. |
| 740 | 0 | 2 | _aCasa con dos puertas mala es de guardar. |
| 740 | 3 | 2 | _aLa dama duende. |
| 740 | 0 | 2 | _aNo hay burlas con el amor. |
| 740 | 0 | 2 | _aMañanas de abril y mayo. |
| 740 | 0 | 2 | _aNo siempre lo peor es cierto. |
| 740 | 0 | 2 | _aGuardate del agua mansa. |
| 740 | 3 | 2 | _aEl laurel de Apolo. |
| 740 | 3 | 2 | _aLa púrpura de la rosa. |
| 740 | 3 | 2 | _aLa cena de Baltasar. |
| 740 | 3 | 2 | _aLa vida es sueño. |
| 740 | 0 | 2 | _aA Dios por razón de estado. |
| 830 | 0 |
_aBiblioteca clásica ; _v36-39 _9180370 |
|
| 852 |
_aES-MaACL _jF-13032-35 |
||
| 856 |
_uhttp://bdh-rd.bne.es/viewer.vm?id=0000204851&page=1 _zBiblioteca Digital Hispánica |
||
| 942 | _2udc | ||
| 999 |
_c38387 _d38387 |
||